000 00434nam a2200181Ia 4500
001 2028
005 20260306143812.0
008 260306t2016||||xx |||||||||||||| ||spa||
041 _aESP
082 _a611.0181
_bA36
100 _aAlberts, Bruce,
_eAUT
245 0 _aBiología molecular de la célula
260 _c2016
300 _axxxiv, 1350 páginas :
_c30 cm.
650 _aGEN
654 _aCCS
942 _cLIB
_dJUS
_fJUS
_2ddc
_n
999 _c2028
_d2028